| 000 | 00635nam a2200205 a 4500 | ||
|---|---|---|---|
| 001 | 1406 | ||
| 003 | CDMR | ||
| 005 | 20131030101250.0 | ||
| 008 | 130130s1975||||||||||||||||||||||||||||d | ||
| 020 | _a8485047516 | ||
| 040 |
_aCDMR _bcat _cCDMR |
||
| 100 | 1 |
_aWarren, Carl Nelson _91073 |
|
| 245 | 1 | 0 |
_aGéneros periodísticos informativos _b: nueva enciclopedia de la noticia _cCarl N. Warren ; trad. Alfonso Espinet Gou |
| 250 | _a2a ed. | ||
| 260 |
_aBarcelona _c1975 _bA.T.E. |
||
| 490 | 0 | _aLibros de comunicación social | |
| 650 | 0 | 4 |
_94193 _aGèneres periodístics |
| 650 | 0 | 4 |
_93086 _aPeriodisme _xManuals d'estil |
| 942 |
_cMON _2udc |
||
| 999 |
_c1406 _d1406 |
||